[Event "Championnat de France Cadette"]
[Site "CALVI"]
[Date "????.??.??"]
[Round "6.8"]
[White "Bartolo, Amandine"]
[Black "Hamsany, Marie"]
[Result "0-1"]
[WhiteElo "1260"]
[BlackElo "1940"]
[PlyCount "66"]
[EventDate "2005.??.??"]
[SourceDate "2005.04.17"]

1. e4 e5 2. Nf3 Nc6 3. Bc4 Bc5 4. c3 Nf6 5. d3 d6 6. h3 h6 7. Bb3 O-O 8. Nbd2
Re8 9. Nf1 Be6 10. Bc2 Bb6 11. g4 Nh7 12. Ng3 d5 13. Qe2 dxe4 14. dxe4 a6 15.
b3 Ba5 16. Bb2 Ng5 17. Nh4 Nd4 18. Qd3 Ndf3+ 19. Nxf3 Qxd3 20. Bxd3 Nxf3+ 21.
Ke2 Nh4 22. c4 f6 23. Rhf1 c6 24. f4 exf4 25. Rxf4 Bc7 26. Bxf6 gxf6 27. Rxf6
Bxg3 28. Rxh6 Rf8 29. Rxe6 Rf2+ 30. Ke3 Ng2+ 31. Kd4 Rd8+ 32. Kc3 Kf7 33. Rh6
Be5+ 0-1

[Event "Championnat de France Cadette"]
[Site "CALVI"]
[Date "????.??.??"]
[Round "6.9"]
[White "Bacon, Julie"]
[Black "Swiercz, Sonia"]
[Result "1-0"]
[WhiteElo "1680"]
[BlackElo "1590"]
[PlyCount "61"]
[EventDate "2005.??.??"]
[SourceDate "2005.04.17"]

1. e4 c5 2. Nf3 e6 3. d4 cxd4 4. Nxd4 a6 5. Bd3 Qc7 6. Nc3 Nf6 7. O-O Nc6 8.
Be3 b5 9. a3 Bb7 10. Kh1 Be7 11. f4 d6 12. Qf3 Nxd4 13. Bxd4 e5 14. fxe5 dxe5
15. Qg3 Bd6 16. Be3 Nh5 17. Qg4 g6 18. Bh6 Bc8 19. Qf3 Be6 20. Ne2 Qd7 21. h3
Bf8 22. Bxf8 Rxf8 23. Ng3 Nf4 24. Ne2 Nxd3 25. cxd3 f6 26. Rad1 Qe7 27. d4 exd4
28. Nxd4 Kf7 29. e5 Kg7 30. exf6+ Qxf6 31. Qb7+ 1-0

[Event "Championnat de France Cadette"]
[Site "CALVI"]
[Date "????.??.??"]
[Round "6.10"]
[White "Michel, Isabelle"]
[Black "Boulfaf, Amel"]
[Result "1/2-1/2"]
[WhiteElo "1530"]
[BlackElo "1540"]
[PlyCount "162"]
[EventDate "2005.??.??"]
[SourceDate "2005.04.17"]

1. e4 e5 2. Nf3 Nc6 3. d4 exd4 4. Bc4 h6 5. Nxd4 Qh4 6. Qf3 Nf6 7. Nxc6 bxc6 8.
Nc3 Bb4 9. O-O Bxc3 10. bxc3 Qxe4 11. Qxe4+ Nxe4 12. Re1 d5 13. f3 dxc4 14.
Rxe4+ Be6 15. Bf4 Rc8 16. Rae1 O-O 17. Be3 a6 18. Rh4 Rcd8 19. Bd4 Bf5 20. Re2
Rfe8 21. Rxe8+ Rxe8 22. Kf2 Bxc2 23. Rg4 g6 24. Be3 h5 25. Rxc4 Re6 26. Bf4 Bd3
27. Rd4 Bb5 28. Bxc7 Re2+ 29. Kg3 Rxa2 30. Rd8+ Kh7 31. Be5 g5 32. f4 gxf4+ 33.
Kxf4 Rf2+ 34. Kg3 Re2 35. Kf4 Rf2+ 36. Kg3 Rf1 37. Kh4 Rf2 38. h3 f6 39. Bd4
Rf4+ 40. Kxh5 a5 41. Rd7+ Kg8 42. g4 a4 43. g5 Be2+ 44. Kh6 fxg5 45. Rg7+ Kf8
46. Bc5+ Ke8 47. Re7+ Kd8 48. Rxe2 Rf5 49. Bb6+ Kd7 50. Ra2 c5 51. Rd2+ Kc8 52.
Bd8 c4 53. Bxg5 a3 54. Ra2 Rf3 55. Rxa3 Rxh3+ 56. Kg6 Kc7 57. Bf6 Kc6 58. Bd4
Kb5 59. Kf5 Rh5+ 60. Kg4 Rh1 61. Ra8 Rf1 62. Rb8+ Kc6 63. Rb4 Kd5 64. Rb5+ Ke4
65. Re5+ Kd3 66. Re3+ Kd2 67. Rf3 Ra1 68. Kf4 Ra5 69. Ke4 Rh5 70. Bf6 Kc2 71.
Ke3 Kb3 72. Kd4 Rh6 73. Rf1 Rg6 74. Rb1+ Kc2 75. Rb6 Rg4+ 76. Kd5 Rf4 77. Rc6
Kd3 78. Bd4 Rf5+ 79. Be5 Rf8 80. Rxc4 Rd8+ 81. Bd6 Rxd6+ 1/2-1/2

[Event "Championnat de France Cadet"]
[Site "CALVI"]
[Date "????.??.??"]
[Round "7.1"]
[White "Pile, Richard"]
[Black "Huang, Hao"]
[Result "1-0"]
[WhiteElo "2259"]
[BlackElo "2091"]
[PlyCount "101"]
[EventDate "2005.??.??"]
[SourceDate "2005.04.17"]

1. e4 e6 2. d4 d5 3. Nc3 Nf6 4. Bg5 Bb4 5. e5 h6 6. Be3 Ne4 7. Qg4 g6 8. a3
Bxc3+ 9. bxc3 c5 10. Bd3 Nxc3 11. dxc5 Nc6 12. Nf3 Qa5 13. O-O Bd7 14. Qh4 Ne7
15. Rfe1 Bc6 16. Ng5 Qa4 17. f4 Ne4 18. Bxe4 dxe4 19. Nxf7 Rh7 20. Nd6+ Kd7 21.
Qh3 Nf5 22. Red1 Kc7 23. g4 Nxe3 24. Qxe3 Qxc2 25. Rd2 Qa4 26. Rd4 Qc2 27. Rc1
Qb2 28. Rb4 Qa2 29. Nc4 Bd5 30. Rb2 Bxc4 31. Rxa2 Bxa2 32. Qxe4 Rg7 33. Kf2 Rd8
34. Ke3 Bd5 35. Qb4 a6 36. Qb6+ Kc8 37. Rd1 Rc7 38. Qb1 Rg7 39. Rf1 Bc6 40. Rd1
Bd5 41. Qc2 Kc7 42. Qf2 Rf8 43. Qb2 Kc8 44. Rxd5 exd5 45. e6 Rh7 46. f5 h5 47.
f6 hxg4 48. Qe5 Rh5 49. Qd6 Rxf6 50. Qd7+ Kb8 51. Qd8+ 1-0

[Event "Championnat de France Cadet"]
[Site "CALVI"]
[Date "????.??.??"]
[Round "7.2"]
[White "Delorme, Alban"]
[Black "Netzer, Jean"]
[Result "1/2-1/2"]
[WhiteElo "2263"]
[BlackElo "2384"]
[PlyCount "107"]
[EventDate "2005.??.??"]
[SourceDate "2005.04.17"]

1. e4 c5 2. Nf3 e6 3. d4 cxd4 4. Nxd4 Nc6 5. Nb5 d6 6. Bf4 e5 7. Be3 Nf6 8. Bg5
Be6 9. Nd2 a6 10. Nc3 Rc8 11. Nc4 Nd4 12. Ne3 Be7 13. Bxf6 Bxf6 14. Bd3 Bg5 15.
Ncd5 O-O 16. O-O g6 17. c3 Nc6 18. Bc2 Kh8 19. Qe2 Bh6 20. Rad1 f5 21. Nc4 b5
22. Ncb6 Rb8 23. exf5 gxf5 24. Qh5 Bg7 25. g4 Bf7 26. Qh3 e4 27. gxf5 Bxd5 28.
Nxd5 Qg5+ 29. Kh1 Qxf5 30. Qxf5 Rxf5 31. Bxe4 Rff8 32. Ne3 Ne7 33. Rxd6 a5 34.
Re6 Rf7 35. Rd1 Ng6 36. Nf5 b4 37. cxb4 axb4 38. Nxg7 Kxg7 39. f3 Ra7 40. Bb1
Rf8 41. Re3 Rf6 42. Rb3 Rf4 43. Rbd3 Ne5 44. Rg1+ Kf7 45. Re3 Nc4 46. Re4 Rxe4
47. Bxe4 Kf6 48. Bd5 Nxb2 49. Rg4 Nd3 50. Rd4 Ra3 51. Bb3 Nc1 52. Rxb4 Nxa2 53.
Rb6+ Kg5 54. Bxa2 1/2-1/2

[Event "Championnat de France Cadet"]
[Site "CALVI"]
[Date "????.??.??"]
[Round "7.3"]
[White "Chau, Olivier"]
[Black "Prodhomme, Boris"]
[Result "1-0"]
[WhiteElo "2186"]
[BlackElo "2014"]
[PlyCount "59"]
[EventDate "2005.??.??"]
[SourceDate "2005.04.17"]

1. e4 c5 2. Nf3 d6 3. d4 cxd4 4. Nxd4 Nf6 5. Nc3 a6 6. Be2 e6 7. a4 Qc7 8. O-O
Be7 9. Be3 Nc6 10. f4 O-O 11. Kh1 Re8 12. Bf3 Rb8 13. Qe1 Nxd4 14. Bxd4 e5 15.
Ba7 Ra8 16. Be3 d5 17. fxe5 Qxe5 18. Nxd5 Nxd5 19. exd5 Bf5 20. Qc1 Bd6 21. Bg1
Rac8 22. c3 Be4 23. Bxe4 Qxe4 24. Qd2 Re5 25. Rad1 Qxa4 26. h3 Rh5 27. Bh2 Qd7
28. Bxd6 Qxd6 29. Qd4 b5 30. Qg4 1-0

[Event "Championnat de France Cadet"]
[Site "CALVI"]
[Date "????.??.??"]
[Round "7.4"]
[White "Garro, Pierre"]
[Black "Bouhana, Paul-Alexandre"]
[Result "1-0"]
[WhiteElo "2124"]
[BlackElo "1994"]
[PlyCount "95"]
[EventDate "2005.??.??"]
[SourceDate "2005.04.17"]

1. e4 e5 2. Nf3 Nc6 3. d4 exd4 4. Nxd4 Qh4 5. Nc3 Bb4 6. Be2 Nf6 7. O-O Bxc3 8.
Nf5 Qxe4 9. Bd3 Qg4 10. f3 Qa4 11. bxc3 O-O 12. Nxg7 Kxg7 13. Bh6+ Kg8 14. Qd2
Qa5 15. Bxf8 Qh5 16. Bh6 d6 17. Rab1 Ne5 18. Rb5 a6 19. Qf4 Ne8 20. Rbb1 Ng7
21. Qg5 Qxg5 22. Bxg5 Ne6 23. Be3 d5 24. Rfe1 c5 25. Bh6 Nc6 26. f4 f6 27. f5
Nc7 28. Bf4 Nb5 29. Bxb5 axb5 30. Rxb5 Bxf5 31. Rxb7 Be4 32. Rb6 Ne7 33. Rb8+
Rxb8 34. Bxb8 Nc6 35. Bd6 c4 36. Re2 Kf7 37. a4 Ke6 38. Bc5 Kd7 39. Rf2 Ke6 40.
Bb6 Nb8 41. g4 Na6 42. a5 Nb8 43. Bd4 f5 44. gxf5+ Bxf5 45. Re2+ Be4 46. Re1
Kd6 47. Rb1 Kc7 48. Be5+ 1-0

[Event "Championnat de France Cadet"]
[Site "CALVI"]
[Date "????.??.??"]
[Round "7.5"]
[White "Franck, Boris"]
[Black "Le Goff, Damien"]
[Result "1-0"]
[WhiteElo "1998"]
[BlackElo "2122"]
[PlyCount "63"]
[EventDate "2005.??.??"]
[SourceDate "2005.04.17"]

1. e4 g6 2. d4 Bg7 3. Nc3 c5 4. d5 d6 5. f4 Nf6 6. Nf3 Bg4 7. h3 Bxf3 8. Qxf3
Nfd7 9. Bd3 O-O 10. O-O Na6 11. Bxa6 bxa6 12. g4 Rb8 13. g5 Rb4 14. a3 Rb7 15.
h4 Bxc3 16. Qxc3 e6 17. b3 e5 18. f5 f6 19. fxg6 hxg6 20. Qh3 Rf7 21. Qg4 Qf8
22. Bd2 f5 23. exf5 Rxf5 24. h5 Nb6 25. hxg6 Rxf1+ 26. Rxf1 Qc8 27. Qf3 Rg7 28.
c4 Qe8 29. Qf5 Rxg6 30. Kg2 Kg7 31. Rh1 Qf8 32. Rh7+ 1-0

[Event "Championnat de France Cadet"]
[Site "CALVI"]
[Date "????.??.??"]
[Round "7.6"]
[White "Pieroni, Guillaume"]
[Black "Adam, Etienne"]
[Result "1/2-1/2"]
[WhiteElo "2109"]
[BlackElo "2043"]
[PlyCount "80"]
[EventDate "2005.??.??"]
[SourceDate "2005.04.17"]

1. e4 c5 2. Ne2 Nc6 3. Nbc3 d6 4. g3 Nf6 5. Bg2 g6 6. d4 cxd4 7. Nxd4 Nxd4 8.
Qxd4 Bg7 9. Be3 O-O 10. Qd2 Ng4 11. Bf4 Re8 12. O-O Be6 13. Nd5 Qd7 14. c3 Rab8
15. Rfd1 Ne5 16. Ne3 b5 17. Bxe5 Bxe5 18. f4 Bg7 19. Nc2 Qc7 20. Nd4 Bd7 21.
Rac1 Qb6 22. Kh1 Rec8 23. Nc2 a5 24. e5 Bg4 25. Re1 Rd8 26. Nd4 dxe5 27. fxe5
Be6 28. Qg5 Rd7 29. h4 h6 30. Qe3 b4 31. Kh2 bxc3 32. bxc3 Bxa2 33. Qe2 Bd5 34.
Rb1 Qd8 35. Bxd5 Rxd5 36. Nc6 Rxb1 37. Nxd8 Rxe1 38. Qxe1 Rxd8 39. Qe3 e6 40.
c4 Rc8 1/2-1/2

[Event "Championnat de France Cadet"]
[Site "CALVI"]
[Date "????.??.??"]
[Round "7.7"]
[White "Forgues, Fabien"]
[Black "Soyez, Cyril"]
[Result "1/2-1/2"]
[WhiteElo "2043"]
[BlackElo "2189"]
[PlyCount "40"]
[EventDate "2005.??.??"]
[SourceDate "2005.04.17"]

1. e4 c5 2. Nf3 g6 3. d4 Bg7 4. Nc3 cxd4 5. Nxd4 Nc6 6. Nde2 Nf6 7. g3 b5 8. a3
O-O 9. Bg2 Rb8 10. O-O a5 11. Nd5 Nxd5 12. exd5 Ne5 13. Ra2 d6 14. Be3 Qc7 15.
Bd4 Bf5 16. c3 a4 17. Bxe5 Bxe5 18. Ra1 h5 19. Nd4 Bg4 20. Qd2 Bd7 1/2-1/2

[Event "Championnat de France Cadet"]
[Site "CALVI"]
[Date "????.??.??"]
[Round "7.8"]
[White "Platel, Alexandre"]
[Black "Costa, Pierre-Mathieu"]
[Result "1-0"]
[WhiteElo "2149"]
[BlackElo "1974"]
[PlyCount "93"]
[EventDate "2005.??.??"]
[SourceDate "2005.04.17"]

1. e4 e5 2. Nf3 Nc6 3. d4 exd4 4. Nxd4 Nf6 5. Nxc6 bxc6 6. e5 Qe7 7. Qe2 Nd5 8.
c4 Qb4+ 9. Nd2 Nf4 10. Qe4 Ne6 11. Be2 Bb7 12. a3 Qb6 13. O-O Be7 14. Kh1 g5
15. Nf3 h5 16. c5 Qxc5 17. Be3 Qd5 18. Qa4 c5 19. Rfd1 Qe4 20. Qxd7+ Kf8 21.
Bd3 Qc6 22. Qxc6 Bxc6 23. Nd2 Kg7 24. Bc4 Rab8 25. b3 a5 26. Rac1 Nd8 27. a4 h4
28. h3 g4 29. hxg4 h3 30. f3 Rh4 31. gxh3 Rxh3+ 32. Kg2 Rh4 33. Kg3 Rh8 34. Rh1
Nb7 35. g5 Rbd8 36. Kf4 Kg6 37. Ne4 Bxe4 38. Kxe4 Rxh1 39. Rxh1 Bxg5 40. Bxf7+
Kxf7 41. Bxg5 Rd4+ 42. Kf5 Rb4 43. Rh7+ Kg8 44. Rxc7 Rxb3 45. Kg6 Rb6+ 46. Bf6
Nd8 47. Rc8 1-0

[Event "Championnat de France Cadet"]
[Site "CALVI"]
[Date "????.??.??"]
[Round "7.9"]
[White "Bailet, Pierre"]
[Black "Camel, Lorenzo"]
[Result "0-1"]
[WhiteElo "2090"]
[BlackElo "1999"]
[PlyCount "54"]
[EventDate "2005.??.??"]
[SourceDate "2005.04.17"]

1. d4 Nf6 2. c4 g6 3. Nc3 Bg7 4. e4 d6 5. f3 O-O 6. Be3 e5 7. d5 Ne8 8. g4 Bh6
9. Bf2 f5 10. gxf5 gxf5 11. Bh3 Ng7 12. Nge2 fxe4 13. Bxc8 Qxc8 14. fxe4 Qh3
15. Ng3 Nd7 16. Qe2 Nf6 17. Qf1 Qd7 18. h3 Nfh5 19. Nxh5 Nxh5 20. Qg1+ Kh8 21.
Be3 Rg8 22. Qf2 Raf8 23. Qd2 Nf4 24. O-O-O Rg2 25. Qe1 Ne2+ 26. Qxe2 Rxe2 27.
Bxh6 Ref2 0-1

[Event "Championnat de France Cadet"]
[Site "CALVI"]
[Date "????.??.??"]
[Round "7.10"]
[White "Miqueu, Eric"]
[Black "Innocente, Nicolas"]
[Result "1/2-1/2"]
[WhiteElo "2037"]
[BlackElo "1991"]
[PlyCount "51"]
[EventDate "2005.??.??"]
[SourceDate "2005.04.17"]

1. e4 d5 2. exd5 Qxd5 3. Nc3 Qa5 4. d4 Nf6 5. Bc4 Bg4 6. f3 Bf5 7. g4 Bg6 8.
Qe2 Nc6 9. Be3 O-O-O 10. O-O-O e6 11. Qf2 h5 12. g5 Nd5 13. Nxd5 exd5 14. Bb3
Qa6 15. Bd2 Ne7 16. Ne2 Qc6 17. Nf4 Bf5 18. Bb4 Qb5 19. Bd2 a5 20. a4 Qb6 21.
Bc3 Qa6 22. Qd2 b6 23. h4 Qb7 24. Qe3 Ng6 25. Nxg6 Bxg6 26. Rhe1 1/2-1/2

[Event "Championnat de France Cadette"]
[Site "CALVI"]
[Date "????.??.??"]
[Round "7.1"]
[White "Bolon, Karelle"]
[Black "Bermond, Stephanie"]
[Result "1-0"]
[WhiteElo "2042"]
[BlackElo "2006"]
[PlyCount "113"]
[EventDate "2005.??.??"]
[SourceDate "2005.04.17"]

1. e4 d5 2. exd5 Nf6 3. Nf3 Nxd5 4. d4 Bf5 5. Bd3 Bxd3 6. Qxd3 e6 7. Qb5+ Nc6
8. Ne5 Ndb4 9. Nxc6 Nxc6 10. Bg5 Qxd4 11. Qxb7 Qb4+ 12. Qxb4 Nxb4 13. Na3 Rb8
14. O-O Bd6 15. Rfd1 O-O 16. c3 Nd5 17. Nc4 f6 18. Bd2 Rfd8 19. b4 Bf8 20. Na5
Rdc8 21. a3 c5 22. c4 Ne7 23. b5 Rc7 24. Bc3 e5 25. Nb3 Nf5 26. Ba5 Rcb7 27.
Rd5 Nd6 28. Nxc5 Nxc4 29. Nxb7 Rxb7 30. Bb4 Bxb4 31. axb4 Kf7 32. Rad1 Ke7 33.
Rc1 Nd6 34. Rcc5 Ke6 35. f3 Nf5 36. Kf2 Nd4 37. Rxd4 exd4 38. Ke2 Rd7 39. Kd3
g5 40. g3 h6 41. Rc6+ Ke5 42. b6 axb6 43. Rxb6 Rd5 44. Rb8 Kd6 45. Rd8+ Kc6 46.
Rxd5 Kxd5 47. b5 Kc5 48. b6 Kxb6 49. Kxd4 Kc7 50. Ke4 Kd7 51. Kf5 Ke7 52. Kg6
Ke6 53. Kxh6 Kf5 54. Kh5 Ke6 55. Kg6 Ke5 56. h4 gxh4 57. gxh4 1-0

[Event "Championnat de France Cadette"]
[Site "CALVI"]
[Date "????.??.??"]
[Round "7.2"]
[White "Choisy, Mathilde"]
[Black "Aggoune, Liza"]
[Result "1-0"]
[WhiteElo "2079"]
[BlackElo "2060"]
[PlyCount "65"]
[EventDate "2005.??.??"]
[SourceDate "2005.04.17"]

1. e4 c5 2. Nf3 e6 3. d4 cxd4 4. Nxd4 a6 5. Bd3 Ne7 6. O-O Nec6 7. Nb3 Be7 8.
f4 d6 9. c4 O-O 10. Nc3 Nd7 11. Qe2 a5 12. Be3 a4 13. Nd4 Nxd4 14. Bxd4 e5 15.
Be3 exf4 16. Bxf4 Ne5 17. Bc2 Bg4 18. Qf2 Nxc4 19. Bxa4 Bf6 20. Bb3 Rc8 21. Qg3
Nxb2 22. Nd5 Bd4+ 23. Kh1 Be2 24. Bxd6 Nd3 25. Ne7+ Kh8 26. Nxc8 Bxf1 27. Rxf1
Qxc8 28. Qxd3 Rd8 29. Qxd4 Qc6 30. e5 f6 31. Qd5 Qa6 32. Bc4 Qa4 33. exf6 1-0

[Event "Championnat de France Cadette"]
[Site "CALVI"]
[Date "????.??.??"]
[Round "7.3"]
[White "Cochet, Caroline"]
[Black "Marchadour, Emilie"]
[Result "1-0"]
[WhiteElo "2086"]
[BlackElo "2018"]
[PlyCount "59"]
[EventDate "2005.??.??"]
[SourceDate "2005.04.17"]

1. e4 c5 2. Nf3 e6 3. d4 cxd4 4. Nxd4 Nc6 5. Nc3 Qc7 6. Be2 a6 7. Be3 Nf6 8.
O-O Bb4 9. Na4 b5 10. Nxc6 dxc6 11. Nb6 Rb8 12. Nxc8 Rxc8 13. Bd3 Be7 14. f4 c5
15. c3 c4 16. Bc2 Bc5 17. Qf3 Qb6 18. Bxc5 Qxc5+ 19. Kh1 h5 20. e5 Ng4 21. Rae1
a5 22. f5 Nxe5 23. Qg3 Ng4 24. fxe6 f6 25. Bg6+ Ke7 26. Rf5 Ne5 27. Rexe5 fxe5
28. Rf7+ Kd6 29. Rd7+ Kc6 30. Qf3+ 1-0

[Event "Championnat de France Cadette"]
[Site "CALVI"]
[Date "????.??.??"]
[Round "7.4"]
[White "Tissot, Alice"]
[Black "Desanlis, Anne-Sophie"]
[Result "1-0"]
[WhiteElo "1859"]
[BlackElo "1854"]
[PlyCount "57"]
[EventDate "2005.??.??"]
[SourceDate "2005.04.17"]

1. e4 c5 2. Nf3 Nc6 3. c3 Nf6 4. e5 Nd5 5. d4 cxd4 6. cxd4 d6 7. Bc4 e6 8. O-O
Be7 9. a3 a6 10. Nbd2 b5 11. Bd3 dxe5 12. Nxe5 Nxe5 13. dxe5 Ne3 14. fxe3 Qxd3
15. Qf3 Rb8 16. Qxf7+ Kd7 17. Ne4 Qxe4 18. Rd1+ Kc6 19. Qxe7 Qxe5 20. Bd2 Rb7
21. Qb4 Rd7 22. Rac1+ Kb7 23. Rc5 Rd5 24. Rxd5 exd5 25. Qc5 Re8 26. Rc1 Bd7 27.
Ba5 Re6 28. Qc7+ Ka8 29. Qd8+ 1-0

[Event "Championnat de France Cadette"]
[Site "CALVI"]
[Date "????.??.??"]
[Round "7.5"]
[White "Plessis, Laura"]
[Black "Maupin, Valerie"]
[Result "0-1"]
[WhiteElo "1898"]
[BlackElo "2012"]
[PlyCount "74"]
[EventDate "2005.??.??"]
[SourceDate "2005.04.17"]

1. c4 f5 2. g3 Nf6 3. d3 g6 4. Nc3 Bg7 5. Bf4 d6 6. Bg2 c6 7. Nh3 O-O 8. Qd2 e5
9. Bh6 Qe7 10. Bxg7 Kxg7 11. O-O Na6 12. Rab1 Nc7 13. b4 d5 14. cxd5 Nfxd5 15.
a3 Bd7 16. f4 exf4 17. Nxf4 Qe3+ 18. Qxe3 Nxe3 19. Rfc1 Nxg2 20. Kxg2 g5 21.
Nh3 Kg6 22. Nf2 Rad8 23. Na4 Nd5 24. Nc5 Bc8 25. b5 b6 26. Na4 c5 27. e4 fxe4
28. dxe4 Ne3+ 29. Kg1 Rd2 30. Rc3 Rfxf2 31. Rxe3 Bh3 32. g4 Rxh2 33. Rg3 Rhg2+
34. Rxg2 Rxg2+ 35. Kh1 Rxg4 36. Kh2 Rh4 37. Kg3 Bd7 0-1

[Event "Championnat de France Cadette"]
[Site "CALVI"]
[Date "????.??.??"]
[Round "7.6"]
[White "Magnin, Segolene"]
[Black "Rasse, Charlotte"]
[Result "0-1"]
[WhiteElo "1900"]
[BlackElo "1995"]
[PlyCount "68"]
[EventDate "2005.??.??"]
[SourceDate "2005.04.17"]

1. d4 Nf6 2. c4 g6 3. Nc3 Bg7 4. e4 d6 5. f3 O-O 6. Be3 Nbd7 7. Bd3 c5 8. Nge2
Ne8 9. d5 Ne5 10. O-O Nxd3 11. Qxd3 f5 12. Qd2 Rf7 13. Rac1 b6 14. Ng3 fxe4 15.
fxe4 Nf6 16. Bf4 Ng4 17. Nce2 Ba6 18. b3 b5 19. h3 Ne5 20. Bxe5 Rxf1+ 21. Nxf1
Bxe5 22. Ne3 h5 23. cxb5 Bxb5 24. Nc4 Bxc4 25. Rxc4 Qf8 26. Qc1 a5 27. Ra4 Qf6
28. Qd2 Rf8 29. Qe1 Qg5 30. Nc1 Bg3 31. Qd1 Qe3+ 32. Kh1 Be1 33. Ne2 Rf1+ 34.
Kh2 Bg3+ 0-1

[Event "Championnat de France Cadette"]
[Site "CALVI"]
[Date "????.??.??"]
[Round "7.7"]
[White "Hamsany, Marie"]
[Black "Bacon, Julie"]
[Result "1/2-1/2"]
[WhiteElo "1940"]
[BlackElo "1680"]
[PlyCount "83"]
[EventDate "2005.??.??"]
[SourceDate "2005.04.17"]

1. e4 c5 2. Nc3 e6 3. f4 d5 4. Nf3 dxe4 5. Nxe4 Nc6 6. g3 Be7 7. Bg2 Nf6 8. Nf2
O-O 9. b3 Rb8 10. Bb2 b6 11. O-O Bb7 12. Re1 Nd4 13. Bxd4 cxd4 14. Nd3 Qd6 15.
Qe2 Rfc8 16. Rec1 Rc7 17. c3 dxc3 18. dxc3 Nd5 19. c4 Nb4 20. Rd1 Rd8 21. Nxb4
Qxb4 22. Rxd8+ Bxd8 23. Rd1 Bf6 24. Rd3 Bc6 25. Qd1 Rc8 26. Ne5 Bxg2 27. Kxg2
b5 28. cxb5 Qxb5 29. Rd7 a6 30. g4 h6 31. a4 Qb4 32. Rd4 Qc5 33. Rc4 Qf8 34.
Nd7 Rd8 35. Nxf6+ gxf6 36. Qc2 Qd6 37. Rc8 Rxc8 38. Qxc8+ Kg7 39. Qc3 Qxf4 40.
h3 Qe4+ 41. Kf2 Qf4+ 42. Kg2 1/2-1/2

[Event "Championnat de France Cadette"]
[Site "CALVI"]
[Date "????.??.??"]
[Round "7.8"]
[White "Huisman, Camille"]
[Black "Cloarec, Audrey"]
[Result "0-1"]
[WhiteElo "1520"]
[BlackElo "1902"]
[PlyCount "68"]
[EventDate "2005.??.??"]
[SourceDate "2005.04.17"]

1. e4 d5 2. exd5 Nf6 3. c4 c6 4. dxc6 Nxc6 5. Nf3 Bg4 6. Be2 e6 7. d4 Be7 8.
Nc3 O-O 9. Be3 Qa5 10. h3 Bh5 11. a3 Ne4 12. Bd2 Nxd2 13. Qxd2 Rfd8 14. g4 Bg6
15. d5 Bf6 16. Rd1 exd5 17. Nxd5 Bxb2 18. Ne7+ Kf8 19. Nxc6 Qxd2+ 20. Rxd2 Rxd2
21. Kxd2 bxc6 22. a4 Rd8+ 23. Ke3 h5 24. Rd1 Re8+ 25. Kd2 c5 26. h4 Bc3+ 27.
Kxc3 Rxe2 28. Rd2 Re6 29. Rd5 Be4 30. Rxc5 Bxf3 31. Rxh5 Bxg4 32. Rh8+ Ke7 33.
Ra8 Kd7 34. Rxa7+ Ke8 {gain noirs au 69eme} 0-1

[Event "Championnat de France Cadette"]
[Site "CALVI"]
[Date "????.??.??"]
[Round "7.9"]
[White "Boulfaf, Amel"]
[Black "Labatut, Tifany"]
[Result "0-1"]
[WhiteElo "1540"]
[BlackElo "1580"]
[PlyCount "62"]
[EventDate "2005.??.??"]
[SourceDate "2005.04.17"]

1. e4 e6 2. d4 d5 3. e5 c5 4. c3 Qb6 5. Nf3 Nc6 6. Be2 Bd7 7. Na3 a6 8. Nc2 Nh6
9. O-O Nf5 10. b3 cxd4 11. cxd4 Be7 12. Bb2 O-O 13. Qd2 f6 14. Rfd1 fxe5 15.
dxe5 Bc5 16. Bd3 Rac8 17. Ne3 Nxe3 18. Rdc1 Nb4 19. Rxc5 Qxc5 20. fxe3 Nxd3 21.
Qxd3 Bb5 22. Qd2 Qc2 23. Qxc2 Rxc2 24. Bd4 Bd3 25. h3 Be4 26. Ne1 Rcf2 27. a3
Rf1+ 28. Kh2 h6 29. Bc3 h5 30. Ra2 h4 31. Rd2 Rxe1 0-1

[Event "Championnat de France Cadette"]
[Site "CALVI"]
[Date "????.??.??"]
[Round "8.1"]
[White "Tissot, Alice"]
[Black "Choisy, Mathilde"]
[Result "1/2-1/2"]
[WhiteElo "1859"]
[BlackElo "2079"]
[PlyCount "82"]
[EventDate "2005.??.??"]
[SourceDate "2005.04.17"]

1. e4 c5 2. Nf3 d6 3. c3 Nf6 4. Be2 Bg4 5. O-O Nc6 6. d4 Bxf3 7. Bxf3 cxd4 8.
cxd4 Qb6 9. e5 dxe5 10. Bxc6+ Qxc6 11. dxe5 Nd5 12. Nd2 g6 13. Nf3 Bg7 14. Bg5
O-O 15. Rc1 Qe6 16. Re1 Rfd8 17. Qb3 h6 18. Bh4 Rd7 19. h3 Nf4 20. Qxe6 Nxe6
21. Red1 Rad8 22. Rxd7 Rxd7 23. Rc8+ Kh7 24. Kf1 g5 25. Bg3 Kg6 26. Bh2 Kf5 27.
Rc4 Rd5 28. g4+ Kg6 29. Rb4 b5 30. a4 a6 31. axb5 axb5 32. Ke2 Nc7 33. Ke3 e6
34. Rb3 Bf8 35. Ke4 Na6 36. Ke3 b4 37. Ke2 Bc5 38. Bg3 Nb8 39. Rd3 Rxd3 40.
Kxd3 Nc6 41. Kc4 Bf8 1/2-1/2

[Event "Championnat de France Cadette"]
[Site "CALVI"]
[Date "????.??.??"]
[Round "8.2"]
[White "Maupin, Valerie"]
[Black "Bolon, Karelle"]
[Result "1/2-1/2"]
[WhiteElo "2012"]
[BlackElo "2042"]
[PlyCount "86"]
[EventDate "2005.??.??"]
[SourceDate "2005.04.17"]

1. d4 d5 2. Nf3 c6 3. e3 Bf5 4. Nbd2 Nf6 5. Be2 e6 6. Ne5 Bd6 7. Ndf3 Nbd7 8.
O-O O-O 9. b3 Ne4 10. Bb2 f6 11. Nd3 Qb8 12. c4 g5 13. h3 Qe8 14. Nh2 Bg6 15.
a4 Qe7 16. c5 Bc7 17. b4 Qg7 18. b5 f5 19. Qb3 g4 20. Nf4 Bxf4 21. exf4 Nd2 22.
Qe3 Nxf1 23. Qxe6+ Kh8 24. Bxf1 gxh3 25. g3 Nxc5 26. dxc5 Qxb2 27. Rd1 Rfe8 28.
Qd7 Qg7 29. bxc6 bxc6 30. Qxc6 d4 31. Bxh3 Rac8 32. Qd5 Red8 33. Qc4 Bh5 34.
Rd2 Qf6 35. Bg2 Bf7 36. Qb4 Rb8 37. Qa5 Rb1+ 38. Nf1 Bc4 39. c6 Rc8 40. Qxa7
Bxf1 41. Bxf1 Qxc6 42. Qxd4+ Kg8 43. Qd3 Qe4 1/2-1/2

[Event "Championnat de France Cadette"]
[Site "CALVI"]
[Date "????.??.??"]
[Round "8.3"]
[White "Bermond, Stephanie"]
[Black "Cochet, Caroline"]
[Result "0-1"]
[WhiteElo "2006"]
[BlackElo "2086"]
[PlyCount "62"]
[EventDate "2005.??.??"]
[SourceDate "2005.04.17"]

1. Nf3 Nf6 2. g3 d5 3. Bg2 e6 4. d3 Be7 5. O-O O-O 6. a4 c5 7. Qe1 Nc6 8. c3
Re8 9. Na3 a6 10. e4 b5 11. Nc2 Bb7 12. Bd2 dxe4 13. dxe4 Na5 14. e5 Ne4 15.
axb5 axb5 16. Qe2 Nb3 17. Rxa8 Qxa8 18. Be3 c4 19. Ncd4 Nxd4 20. Bxd4 Ng5 21.
Nh4 Bxg2 22. Nxg2 Nf3+ 23. Kh1 Nxd4 24. cxd4 Rd8 25. Rd1 Qa2 26. Qd2 Bc5 27.
Qc3 b4 28. Qc2 Rxd4 29. Rc1 c3 30. bxc3 Qxc2 31. Rxc2 Rd1+ 0-1

[Event "Championnat de France Cadette"]
[Site "CALVI"]
[Date "????.??.??"]
[Round "8.4"]
[White "Cloarec, Audrey"]
[Black "Marchadour, Emilie"]
[Result "0-1"]
[WhiteElo "1902"]
[BlackElo "2018"]
[PlyCount "60"]
[EventDate "2005.??.??"]
[SourceDate "2005.04.17"]

1. e4 c5 2. Nc3 Nc6 3. g3 g6 4. Bg2 Bg7 5. d3 a6 6. f4 d6 7. Nf3 e6 8. O-O Nge7
9. Nh4 O-O 10. Rb1 Rb8 11. Be3 Nd4 12. Ne2 b5 13. c3 Nxe2+ 14. Qxe2 b4 15. c4
Qa5 16. b3 Re8 17. g4 f5 18. g5 Bb7 19. Bc1 Nc6 20. Nf3 Nd4 21. Nxd4 Bxd4+ 22.
Kh1 Bc6 23. h4 Bd7 24. Rf3 e5 25. fxe5 fxe4 26. Rg3 Bxe5 27. Re3 exd3 28. Rxd3
Bf5 29. Bd5+ Kh8 30. Be4 Bd4 0-1

[Event "Championnat de France Cadette"]
[Site "CALVI"]
[Date "????.??.??"]
[Round "8.5"]
[White "Desanlis, Anne-Sophie"]
[Black "Aggoune, Liza"]
[Result "1-0"]
[WhiteElo "1854"]
[BlackElo "2060"]
[PlyCount "54"]
[EventDate "2005.??.??"]
[SourceDate "2005.04.17"]

1. c4 c6 2. Nf3 Nf6 3. b3 d5 4. Bb2 Bg4 5. e3 e6 6. Be2 Nbd7 7. O-O Bd6 8. d4
O-O 9. Nbd2 Qe7 10. Ne5 Bxe2 11. Qxe2 Ba3 12. Bxa3 Qxa3 13. Nxd7 Nxd7 14. Qd3
a5 15. Nb1 Qb4 16. a3 Qd6 17. c5 Qc7 18. Nc3 Rfe8 19. f4 f6 20. b4 axb4 21.
axb4 e5 22. fxe5 fxe5 23. e4 Nf6 24. Rxa8 Rxa8 25. exd5 cxd5 26. Qf5 Re8 27.
dxe5 Rxe5 {gain blancs 42eme} 1-0